00838nam a2200229 i 450000100060000000300090000600500170001500700030003200800410003502000180007608000160009410000390011024501080014926000360025730000500029354600350034365100390037870000300041785200220044799900170046995201220048691927ES-MaACL20250827063213.0t|050308s1997 sp a |||| | spa d a84-7782-475-4 a914.60(084)1 aRegàs, Rosa, d1933-2024924206810aEspaña b: una nueva mirada / ctexto, Rosa Regàs ; fotografías, Matías Briansó ... [et al.]. aBarcelona : bLunwerg, c[1997] a131 p. : bprincipalmente il. col. ; c31 cm. aTexto en español e inglés. 4aEspaña-vObras ilustradas.983881 aBriansó, Matias.931674 aES-MaACLjL-28972 c91927d91927 00104070aATENEOMbATENEOMcDEPO2d2008-01-17eSCl0oL-28972p1095985r2023-02-23 00:00:00w2023-02-23yMONOGRAFIA